000 00431nam a2200181 a 4500
001 1761206691557
003 YourLibrary
005 20251023133622.0
008 251023s1976##################000#0#eng##
020 _a9783768210577
082 0 4 _a588
_bMAS
245 1 0 _aBryophytorum Bibliotheca :
260 _c1976.
300 _a236 pages
650 0 _aBryology.
942 _cENGLISH
040 _aYourLibrary
_beng
_cYourLibrary
999 _c592911
_d592911